Statistics for Every DJ Khaled song that hit the Billboard hot 100

Click here to take the quiz!

General Stats

  • This quiz has been taken 12 times
  • The average score is 10 of 27

Answer Stats

Peak Chart PositionYearSong% Correct
12017I'm The One
88%
22017Wild Thoughts
88%
302016I Got The Keys
75%
102011I'm On One
75%
222018Top Off
63%
132016For Free
50%
242010All I Do Is Win
50%
372013No New Friends (SFTB Remix)
50%
572017Shining
50%
192007I'm So Hood
38%
272016Do You Mind
38%
282007We Takin' Over
38%
842011Holy Key
38%
582012Take It To The Head
38%
692008Go Hard
25%
882017On Everything
25%
792016Welcome To My Hood
25%
782012I Wish You Would
25%
932017Culture
25%
682017Don't Quit
25%
682015How Many Times
25%
532017To The Max
25%
592006Holla At Me
13%
392014Hold You Down
13%
382008Out Here Grindin
13%
862012Way Too Cold
0%
512014Ima Boss
0%

Score Distribution

Percentile by Number Answered

Percent of People with Each Score

Your Score History

You have not taken this quiz